LEADER 01287nam 2200325Ia 450 001 996386906303316 005 20221108014514.0 035 $a(CKB)4940000000078216 035 $a(EEBO)2240990406 035 $a(OCoLC)12634713 035 $a(EXLCZ)994940000000078216 100 $a19851004d1679 uy | 101 0 $aeng 135 $aurbn||||a|bb| 200 10$aSay on, or, A seasonable plea for a full hearing betwixt man and man$b[electronic resource] $eand a serious plea for the like hearing betwixt God and man : delivered in a sermon at Chelmsford in Essex, at the general assize holden for the said county, before the Honourable Sir Timothy Littleton, one of His Majesty's Barons of the Exchecquer, July 8, 1678 /$fby Anthony Walker .. 210 $aLondon $cPrinted for Nathanael Ranew ...$d1679 215 $a[6], 53 p 300 $aReproduction of original in Bodleian Library. 330 $aeebo-0014 606 $aSermons, English$y17th century 615 0$aSermons, English 700 $aWalker$b Anthony$fd. 1692.$01002940 801 0$bEAA 801 1$bEAA 801 2$bm/c 801 2$bWaOLN 906 $aBOOK 912 $a996386906303316 996 $aSay on, or, A seasonable plea for a full hearing betwixt man and man$92421772 997 $aUNISA LEADER 01456nam0 22002891i 450 001 UON00416102 005 20231205104801.289 100 $a20130114d1984 |0itac50 ba 101 $aita 102 $aIT 105 $a|||| 1|||| 200 1 $aCritica testuale ed esegesi del testo$estudi in onore di Marco Boni offerti dagli amici e collaboratori dell'Istituto di Filologia Romanza dell'Universitā di Bologna 210 $aBologna$cPātron$dc1984 215 $a454 p.$d22 cm. 316 $aDono Prof. Alberto Varvaro.$5IT-UONSI F. Varvaro0102 410 1$1001UON00265060$12001 $aBiblioteca di Filologia Romanza della Facoltā di Lettere e Filosofia dell'Universitā di Bologna$1210 $aBologna$cPātron$v1 606 $aCritica del testo$xSaggi$3UONC042453$2FI 620 $aIT$dBologna$3UONL000085 676 $a801.959$cCritica testuale (Ecdotica)$v21 702 1$aBoni$bMarco$3UONV211233 712 $aPātron$3UONV265630$4650 801 $aIT$bSOL$c20250627$gRICA 912 $aUON00416102 950 $aSIBA - SISTEMA BIBLIOTECARIO DI ATENEO$dSI F. Varvaro0102 $eSI 27256 7 Dono Prof. Alberto Varvaro. 950 $aSIBA - SISTEMA BIBLIOTECARIO DI ATENEO$dSI Fil.R BB 045 $eSI LO 29879 7 045 $sBuono 996 $aCritica testuale ed esegesi del testo$9136564 997 $aUNIOR